000 00479nam a2200181Ia 4500
005 20250326141530.0
008 250326s9999 xx 000 0 und d
037 _aTextbook
040 _aFMSL
_beng
_cFMSL
041 _aeng
_2eng
084 _qFMSL
100 _aLim David
_9287257
245 0 _aExport Instability and compensatory ficing
_cLim David
260 _aLondonRoutledge
_bLondonRoutledge
_c1991
300 _a218p
942 _cTB
999 _c1290752
_d1290752